One Piece - tous les Personnages "Importants" - Statistiques

Statistiques générales
  • Ce quiz a été pris 310 fois
    98 depuis la dernière actualisation
  • Le résultat moyen est 223 sur 795
Statistiques - réponses
Indice Difficulté Réponse % Correct
Équipage du Chapeau de Paille Très Facile Monkey D. Luffy
99%
Équipage du Chapeau de Paille Très Facile Nami
97%
Équipage du Chapeau de Paille Très Facile Vinsmoke Sanji
97%
Pays de Wano Difficile Cho
96%
Équipage du Chapeau de Paille Très Facile Roronoa Zoro
96%
Équipage du Chapeau de Paille Très Facile Usopp
96%
Équipage du Chapeau de Paille Très Facile Franky (Cutty Flam)
94%
Équipage du Chapeau de Paille Très Facile Tony Tony Chopper
94%
Équipage du Chapeau de Paille Très Facile Brook
93%
Équipage du Chapeau de Paille Très Facile Nico Robin (Miss Allsunday)
93%
Équipage du Chapeau de Paille Très Facile Jinbe
91%
Équipage du Roux Très Facile Figarland Shanks
87%
Équipage de Roger Très Facile Gol D. Roger
87%
Alabasta Très Facile Nefertari D. Vivi (Miss Wednesday)
84%
Équipage du Clown Très Facile Baggy / Buggy
83%
Équipage d'Arlong Facile Arlong
78%
Équipage d'Alvida Facile Alvida
75%
Révolutionnaire Très Facile Monkey D. Dragon
75%
Équipage du Roux Facile Yasopp
75%
Baroque Works Très Facile Crocodile (Mr. 0)
74%
Révolutionnaire Très Facile Sabo
74%
Équipage de Roger Très Facile Silvers Rayleigh
74%
Baroque Works Très Facile Bentham (Mr. 2 Bon Kurei / Bon Clay)
72%
Armada de Krieg Facile Krieg
72%
Équipage du Chapeau de Paille Facile Thousand Sunny
72%
Baroque Works Facile Daz Bonez / Daz Bones (Mr. 1)
71%
Baroque Works Facile Galdino (Mr. 3)
71%
Baroque Works Moyen Gem (Mr. 5)
71%
Équipage de Barbe Noire Très Facile Marshall D. Teach (Barbe Noire)
71%
Équipage de Barbe Blanche Très Facile Portgas D. Ace
71%
Skypiea Très Difficile Su / Soo
71%
Baroque Works Moyen Babe (Mr. 4)
70%
Équipage de Barbe Blanche Très Facile Edward Newgate (Barbe Blanche)
70%
Marine - Haut Gradé Très Facile Monkey D. Garp
70%
Village de Syrup Facile Merry
68%
Révolutionnaire Très Facile Bartholomew Kuma (PX-0)
67%
Famille Charlotte Très Facile Charlotte Linlin (Big Mom)
67%
Clan d'Enel Très Facile Enel / Ener
67%
Thriller Bark Très Facile Gecko Moria
67%
Baroque Works Difficile Mr. 7
67%
Équipage d'Arlong Facile Hatchan / Octy
65%
Alabasta Facile Igaram (Mr. 8 / Igarappoi)
65%
Équipage du Chat Noir Facile Kuro (Klahadore / Klahadoll)
65%
Équipage du Roux Facile Lucky Roux / Lucky Roo
65%
Baroque Works Difficile Mr. 9
65%
Équipage du Roux Facile Benn Beckman / Ben Beckmann
64%
Zou Très Facile Carrot
64%
Équipage de Kid Très Facile Eustass Kid / Kidd
64%
Équipage de Bonney Très Facile Jewelry Bonney
64%
Équipage de Roger Facile Crocus
62%
Équipage du Chapeau de Paille Facile Going Merry / Vogue Merry
62%
Équipage de Barbe Blanche Très Facile Marco
62%
Équipage du Heart Très Facile Trafalgar D. Water Law
62%
Baratie Facile Zeff
62%
Équipage des Kujas Très Facile Boa Hancock
61%
Équipage des Géants Facile Brogy
61%
Équipage aux Cent Bêtes Très Facile Kaidou / Kaidô
61%
Marine - Grade Intermédiaire Très Facile Koby / Kobby
61%
Équipage de Roger Facile Scopper Gaban
61%
Équipage de Drake Très Facile X Drake
61%
Équipage de Hawkins Très Facile Basil Hawkins
59%
Donquixote Family Très Facile Donquixote Doflamingo / Don Quijote Doflamingo
59%
Révolutionnaire Facile Emporio Ivankov
59%
Marine - Haut Gradé Très Facile Kuzan (Aokiji)
59%
Baroque Works Difficile Mr. 13
59%
Royaume de Black Drum Facile Wapol
59%
Équipage des Géants Facile Dorry
58%
Équipage du Renard Argenté Facile Foxy
58%
Roi du Monde Très Facile Imu
58%
Pays de Wano Très Facile Kouzuki Oden
58%
Marine - Grade Intermédiaire Moyen Morgan
58%
Baroque Works Difficile Mr. 11
58%
Village de Cocoyashi Facile Bell-mère / Belmer
57%
Marine - Haut Gradé Très Facile Borsalino (Kizaru)
57%
Royaume de Sakura Facile Hiluluk / Hiriluk
57%
Alabasta Facile Nefertari D. Cobra
57%
CP9 / CP0 Très Facile Rob Lucci
57%
Punk Hazard Difficile Rock
57%
Marine - Haut Gradé Très Facile Sakazuki (Akainu)
57%
Marine - Haut Gradé Très Facile Smoker
57%
Famille Charlotte Très Facile Charlotte Katakuri / Dent-de-Chien
55%
Équipage du Roux Très Difficile Gab
55%
Armada de Krieg Facile Gin / Gyn
55%
Village de Syrup Facile Kaya
55%
Elbaph Très Difficile Mag
55%
Impel Down Très Facile Magellan
55%
20 Souverains Fondateurs Difficile Nefertari D. Lili / Lillie
55%
Équipage aux Cent Bêtes Facile Scien (Queen)
55%
Egghead Très Facile Vegapunk / Stella
55%
Équipage aux Cent Bêtes Facile Arber / Alber (King)
54%
CP9 / CP0 Facile Kaku
54%
Pays de Wano Très Difficile Kaku
54%
Équipage de Kid Très Facile Killer (Kamazo)
54%
Marine - Haut Gradé Très Facile Sengoku
54%
Équipage du Heart Facile Bepo
52%
Punk Hazard Très Facile Caesar Clown / César Clown (Gangster Gastino)
52%
Équipage de Caribou Facile Caribou
52%
Marine - Haut Gradé Très Facile Issho (Fujitora)
52%
Équipage des Rocks Moyen John
52%
Équipage de Barbe Blanche Facile Jozu / Joz
52%
Village de Cocoyashi Facile Nojiko
52%
Roi des Snipers Très Facile Sogeking / Sniperking
52%
Barto Club Facile Bartolomeo
51%
Baroque Works Moyen Drophy (Miss Merrychristmas)
51%
Marine - Autre Grade Facile Helmeppo / Hermep
51%
Water Seven Facile Icebarg / Iceburg
51%
Pays de Wano Très Facile Kouzuki Momonosuke / Kôzuki Momonosuke
51%
Royaume de Sakura Facile Kureha
51%
Baroque Works Moyen Mikita (Miss Valentine)
51%
Équipage du Lion d'Or Facile Shiki
51%
Équipage des Moines Dépravés Très Facile Urouge
51%
Équipage du New Age Facile Bellamy
49%
Équipage du Fire Tank Très Facile Capone Bege
49%
Royaume de Goa Facile Curly Dadan
49%
Donquixote Family Facile Donquixote Rosinante (Corazon)
49%
Équipage aux Cent Bêtes Facile Jack
49%
Gorosei Facile Jaygarcia Saturn
49%
Équipage de Barbe Noire Facile Jesus Burgess
49%
Révolutionnaire Moyen Karasu / Corbeau
49%
Pays de Wano Très Facile Kinemon / Kin'emon
49%
Révolutionnaire Facile Koala
49%
Pays de Wano Facile Kurozumi Kanjuro
49%
Cap des Jumeaux Facile Laboon
49%
Village de Syrup Moyen Ninjin / Carotte
49%
Armada de Krieg Difficile Pearl
49%
Alabasta Facile Pell
49%
Thriller Bark Facile Perona
49%
Équipage du Chat Noir Difficile Sham
49%
Marine - Grade Intermédiaire Facile Tashigi
49%
Royaume de Sakura Facile Dolton / Dalton
48%
Révolutionnaire Moyen Inazuma
48%
Marine - Autre Grade Moyen Jango
48%
CP9 / CP0 Moyen Kalifa
48%
Alabasta Facile Koza
48%
Royaume de Lvneel Facile Montblanc Noland / Norland
48%
Dieu du Soleil Très Facile Nika
48%
Thriller Bark Facile Oars / Oz
48%
Équipage de Barbe Noire Facile Shiryu / Shiliew
48%
Village de Syrup Moyen Tamanegi / Oignon
48%
Shandia Facile Wyper / Wiper
48%
Clan d'Enel Difficile Yama
48%
Baroque Works Moyen Zala (Miss Doublefinger / Paula)
48%
Thriller Bark Moyen Absalom
46%
Révolutionnaire Moyen Belo Betty
46%
Équipage du Clown Moyen Cabaji
46%
Équipage des Magnifiques Pirates Facile Cavendish
46%
Thriller Bark Moyen John (Zombie)
46%
Baroque Works Moyen Marianne (Miss Goldenweek)
46%
Baroque Works Difficile Miss Monday
46%
Île des Hommes Poissons Facile Neptune
46%
Zou Très Facile Pedro
46%
Équipage du On Air Très Facile Scratchmen Apoo
46%
Village Shimotsuki Facile Shimotsuki Kuina
46%
Île des Hommes Poissons Facile Shirahoshi
46%
Marine - Haut Gradé Moyen Tsuru
46%
Pays de Wano Moyen Tsurujo
46%
CP9 / CP0 Moyen Blueno
45%
Équipage de Barbe Noire Moyen Catarina Devon
45%
Équipage d'Arlong Difficile Chew / Smack
45%
Ohara Facile Clou D. Clover / Claw D. Clover
45%
Île de Kuraigana Très Facile Dracule Mihawk
45%
Île des Animeaux Rares Moyen Gaimon
45%
Équipage de Barbe Noire Moyen Laffitte
45%
Gorosei Facile Marcus Mars
45%
Baroque Works Difficile Miss Friday
45%
Force Spécial Simiesque Moyen Montblanc Cricket
45%
Water Seven Facile Paulie / Pauly
45%
Dressrosa Facile Rebecca
45%
Équipage des Rocks Facile Rocks D. Xebec
45%
Équipage du Roux Difficile Rockstar
45%
Thriller Bark Facile Shimotsuki Ryuma
45%
CP0 Facile Stussy
45%
Water Seven Facile Tom
45%
Germa 66 Moyen Vinsmoke Niji
45%
Équipage de Barbe Noire Moyen Avalo Pizarro
43%
Famille Charlotte Moyen Charlotte Lola / Laura
43%
Thriller Bark Moyen Charlotte Lola / Laura (Zombie)
43%
Famille Charlotte Facile Charlotte Pudding
43%
Famille Charlotte Facile Charlotte Smoothie
43%
Orange Town Moyen Chouchou
43%
Équipage de Barbe Noire Moyen Doc Q
43%
Village de Cocoyashi Facile Genzo
43%
Nouvel Équipage des Géants Facile Hajrudin
43%
Zou Facile Inuarashi / Caborage
43%
Chasseur de Primes Moyen Johnny
43%
Siècle Oublié Très Facile Joy Boy
43%
Chef des Armées Moyen Kong
43%
Elbaph Très Facile Loki
43%
Révolutionnaire Moyen Morley
43%
Ohara Facile Nico Olvia
43%
Donquixote Family Facile Pica
43%
Archipel Sabaody Facile Shakuyaku (Shakky)
43%
CP9 / CP0 Facile Spandam
43%
Équipage aux Cent Bêtes Moyen Ulti
43%
Donquixote Family Facile Vergo
43%
Alabasta Moyen Chaka
42%
Famille Charlotte Facile Charlotte Cracker
42%
Famille Charlotte Moyen Charlotte Oven
42%
Chevalier Divin Facile Figarland Shamrock
42%
Nouvel Équipage des Hommes Poissons Facile Hody Jones
42%
CP9 / CP0 Moyen Jabra / Jabura
42%
Alabasta Facile Karoo / Kaloo
42%
Pays de Wano Facile Kurozumi Tama
42%
Royaume Tontatta Facile Leo
42%
Équipage du Clown Moyen Mohji / Morge
42%
Donquixote Family Moyen Monet
42%
Zou Facile Nekomamushi / Chavipère
42%
Équipage du Clown Moyen Richie
42%
Donquixote Family Moyen Senor Pink
42%
Donquixote Family Facile Trebol
42%
Équipage de Barbe Noire Moyen Van Augur / Van Auger
42%
Germa 66 Facile Vinsmoke Reiju
42%
Équipage aux Cent Bêtes Moyen Who's-Who
42%
Équipage des Kujas Moyen Boa Sandersonia
41%
Famille Charlotte Facile Charlotte Perospero / Slurp
41%
Exocet Riders Moyen Duval
41%
Thriller Bark Moyen Hogback
41%
Équipage d'Ideo Facile Ideo
41%
Royaume de Goa Facile Makino
41%
World Economic Journal Moyen Morgans
41%
Village de Syrup Moyen Piiman / Piment
41%
Dressrosa Facile Riku Viola (Violette)
41%
Équipage de Barbe Noire Moyen Sanjuan Wolf
41%
Egghead Facile Sentomaru
41%
Germa 66 Moyen Vinsmoke Ichiji
41%
Équipage de Barbe Blanche Facile Vista
41%
Zou Moyen Zunesha / Zunesh
41%
Marine - Haut Gradé Très Facile Aramaki (Ryokugyu)
39%
Équipage aux Cent Bêtes Moyen Black Maria
39%
Équipage de Caribou Moyen Coribou
39%
Donquixote Family Facile Diamante
39%
"Famille" de Barbe Blanche Facile Edward Weevil / Weeble
39%
Équipage des Pirates du Soleil Facile Fisher Tiger
39%
Impel Down Moyen Hannyabal
39%
Elbaph Facile Jaguar D. Saul / Haguar D. Sauro
39%
Dressrosa Facile Kyros
39%
Egghead Facile Lilith
39%
Équipage aux Cent Bêtes Moyen Page One
39%
Dragon Céleste Moyen Rosward Charlos
39%
Flotte Happo / Marine des Huits Trésors Facile Sai
39%
Donquixote Family Moyen Sugar
39%
Princesse Démone Très Facile Yamato
39%
Egghead Facile York
39%
Chasseur de Primes Moyen Yosaku
39%
Homies Facile Zeus
39%
Famille Charlotte Facile Charlotte Brûlée
38%
Flotte Happo / Marine des Huits Trésors Facile Chinjao
38%
Skypiea Facile Conis
38%
Gorosei / Chevalier Divin Facile Figarland Garling
38%
Clan d'Enel Moyen Gedatsu
38%
Révolutionnaire Moyen Hack
38%
Marine - Grade Intermédiaire Moyen Hina
38%
Équipage de Barbe Blanche Facile Izou / Izô
38%
Franky Family Moyen Kiwi
38%
Water Seven Facile Kokoro
38%
Donquixote Family Difficile Lao G
38%
Baratie Moyen Patty
38%
Impel Down Moyen Sadi
38%
Marine - Grade Intermédiaire Très Difficile Shu
38%
Allié de Barbe Blanche Facile Squard / Squardo
38%
Équipage de Barbe Noire Moyen Vasco Shot
38%
Équipage des Kujas Moyen Boa Marigold
36%
Famille Charlotte Moyen Charlotte Mont-d'Or
36%
Marine - Autre Grade Moyen Fullbody
36%
Amazon Lily Moyen Gloriosa (Nyon)
36%
Elbaph Moyen Harald
36%
Homies Facile Hera
36%
Archipel de Boin Moyen Heracles
36%
Shandia Ancien Facile Kalgara / Calgara
36%
Pays de Wano Moyen Kouzuki Toki
36%
Révolutionnaire Moyen Lindbergh
36%
Équipage d'Arlong Moyen Momoo / Meuh-Meuh
36%
Clan d'Enel Moyen Ohm / Om
36%
Dressrosa Facile Riku Doldo III (Ricky)
36%
Équipage aux Cent Bêtes Moyen Sasaki
36%
Clan d'Enel Moyen Satori
36%
Germa 66 Facile Vinsmoke Judge
36%
Germa 66 Moyen Vinsmoke Yonji
36%
Donquixote Family Moyen Baby 5
35%
Île des Hommes Poissons Facile Camie / Keimi
35%
Donquixote Family Difficile Dellinger
35%
Skypiea Facile Gan Fall / Gan Forr
35%
Easter Egg Facile Pandaman
35%
Équipage de Big Mom Facile Pekoms (Nazoms)
35%
Homies Facile Prometheus / Prométhée
35%
Egghead Facile Pythagoras / Pythagore
35%
Gorosei Facile Shepherd Ju Peter
35%
Clan d'Enel Moyen Shura
35%
Équipage de Big Mom Facile Tamago (Hiyoko / Niwatori) / Delœuf (Dupoussin / Ducoq)
35%
Agent d'Enies Lobby Difficile Bas (Baskerville de Gauche)
33%
Royaume de Goa Difficile Bluejam
33%
Pays de Wano Facile Denjiro (Kyoshiro)
33%
Révolutionnaire Moyen Ginny
33%
Pays de Wano Facile Kouzuki Hiyori (Komurasaki)
33%
Pays de Wano Facile Kurozumi Orochi
33%
Chevalier Divin Moyen Manmayer Gunko
33%
Force Spécial Simiesque Moyen Masira
33%
Impel Down Moyen Minotaurus / Minotaure
33%
Île des Hommes Poissons Facile Otohime
33%
Île des Hommes Poissons Facile Pappag
33%
Pays de Wano Facile Raizo
33%
Équipage des Pirates Volants Facile Vander Decken IX
33%
Équipage du Fire Tank Difficile Vito
33%
Egghead Facile Atlas
32%
Famille Charlotte Moyen Charlotte Daifuku
32%
Île des Hommes Poissons Difficile Den
32%
Île des Hommes Poissons Facile Fukaboshi
32%
CP9 / CP0 Moyen Fukurou / Fukurô
32%
CP9 / CP0 Moyen Kumadori
32%
Équipage d'Arlong Difficile Kuroobi
32%
Impel Down Difficile Minozebra / Minozèbre
32%
Baroque Works Difficile Miss Father's Day
32%
Marine - Haut Gradé Moyen Momonga
32%
Franky Family Moyen Mozu
32%
Homies Facile Napoleon
32%
Équipage des Géants Difficile Oimo
32%
Flotte Yonta Maria Facile Orlumbus
32%
Équipage du Heart Moyen Penguin
32%
Force Spécial Simiesque Moyen Shoujou / Shôjô
32%
Ancien CP9 Difficile Spandine
32%
Équipage de Barbe Noire Difficile Stronger
32%
Gorosei Facile Topman Warcury
32%
Germa 66 Difficile Vinsmoke Sora
32%
Équipage des Pirates du Soleil Moyen Aladine / Aladdin
30%
Pays de Wano Facile Ashura Doji (Shutenmaru)
30%
Flotte Happo / Marine des Huits Trésors Moyen Boo
30%
Donquixote Family Difficile Buffalo
30%
Famille Charlotte Difficile Charlotte Compote
30%
Famille Charlotte Moyen Charlotte Snack
30%
Royaume de Sakura Difficile Chess
30%
Water Seven Moyen Chimney
30%
Egghead Facile Edison
30%
Donquixote Family Difficile Gladius
30%
Équipage de Kid Très Difficile Heat
30%
Royaume de Goa Difficile Higuma
30%
Pays de Wano Facile Kawamatsu
30%
Équipage des Kujas Moyen Marguerite / Margaret
30%
Impel Down Difficile Minokoala
30%
Impel Down Difficile Minorhinoceros
30%
Alabasta Très Difficile Nefertari D. Titi
30%
CP9 Difficile Nero
30%
Skypiea Moyen Pierre
30%
Équipage du New Age Difficile Sarquiss
30%
Punk Hazard Difficile Scotch
30%
Egghead Facile Shaka
30%
Équipage de Barbe Blanche Moyen Thatch
30%
Zou Moyen Wanda
30%
Punk Hazard Moyen Chadros Higelyges (Barbe Brune)
29%
Famille Charlotte Moyen Charlotte Chiffon
29%
Équipage du Faux Chapeau de Paille Moyen Demalo Black / Demaro Black
29%
Impel Down Difficile Domino
29%
Donquixote Family Difficile Giolla / Jora
29%
Équipage du Heart Moyen Jean Bart
29%
Pays de Wano Facile Kikunojo
29%
Allié de Barbe Blanche Facile Little Oars Jr. / Little Oz Jr.
29%
Donquixote Family Difficile Machvise
29%
Royaume Tontatta Moyen Mansherry / Manshelly
29%
Équipage du Renard Argenté Difficile Porche
29%
Shandia Difficile Raki / Laki
29%
Punk Hazard Difficile Smiley
29%
Équipage aux Cent Bêtes Moyen Speed
29%
Marine - Haut Gradé Difficile T Bone
29%
Thriller Bark Moyen Victoria Cindry
29%
Shandia Moyen Aisa
28%
Baratie Moyen Carne
28%
Famille Charlotte Moyen Charlotte Opera
28%
Franky Family Difficile Gomorrah / Gomorrhe
28%
CP9 / CP0 Difficile Hattori
28%
Skypiea Moyen Pagaya
28%
Water Seven Moyen Peeply Lulu
28%
Dragon Céleste Difficile Rosward Rosward / Roswald
28%
Chevalier Divin Moyen Shepherd Sommers
28%
Alabasta Moyen Toto
28%
CP7 Difficile Wanze
28%
Équipage du Rumbar Moyen Yorki
28%
Franky Family Moyen Zambai
28%
Marine - Haut Gradé Difficile Bastille
26%
Équipage du Faux Chapeau de Paille Très Difficile Chocolat
26%
Marine - Haut Gradé Difficile Doberman
26%
Famille Donquixote Difficile Donquixote Homing
26%
Gorosei Facile Ethanbaron V. Nusjuro
26%
CP9 / CP0 Difficile Funkfreed
26%
Clan d'Enel Difficile Hotori
26%
Marine - Haut Gradé Difficile John Giant
26%
Baroque Works Moyen Lassoo
26%
Dressrosa Moyen Riku Scarlett
26%
Île des Hommes Poissons Moyen Ryuboshi
26%
Pays de Wano Moyen Shimotsuki Yasuie (Tonoyasu)
26%
Franky Family Difficile Sodom
26%
Famille Trafalgar Difficile Trafalgar D. Water Lami
26%
Elbaph Très Difficile Wolf
26%
Équipage du Chat Noir Difficile Buchi
25%
Équipage du Roux Très Difficile Building Snake
25%
Royaume de Prodence Facile Elizabello II
25%
Water Seven Difficile Gonbe
25%
Équipage du Renard Argenté Difficile Hamburg
25%
Clan d'Enel Difficile Kotori
25%
Équipage du Roux Très Difficile Limejuice
25%
Egghead Moyen S-Hawk
25%
Water Seven Moyen Tilestone
25%
Équipage des Pirates Volants Moyen Wadatsumi
25%
Équipage d'Ideo Moyen Abdullah
23%
Famille Charlotte Moyen Charlotte Flampe
23%
Famille Charlotte Moyen Charlotte Praline
23%
Archipel Sabaody Difficile Disco
23%
Dragon Céleste Difficile Donquixote Mjosgard / Myosgard
23%
Egghead Moyen Emet / Emeth
23%
Weatheria Moyen Haredas
23%
Royaume de Sakura Difficile Kuromarimo
23%
Équipage des Maquereaux Difficile Macro
23%
Île des Hommes Poissons Moyen Manboshi
23%
Marine - Grade Intermédiaire Difficile Nezumi
23%
Famille Charlotte Moyen Pound
23%
Shells Town Difficile Rika
23%
Équipage du Heart Moyen Shachi
23%
Pays de Wano Moyen Shinobu
23%
Egghead Moyen S-Shark
23%
Egghead Moyen S-Snake
23%
Royaume de Goa Moyen Sterry / Stelly
23%
Équipage de Big Mom Moyen Streusen
23%
Équipage de Kid Très Difficile Wire
23%
Équipage des Kujas Difficile Aphelandra
22%
Allié de Barbe Noire Difficile Barbe Rose
22%
Équipage aux Cent Bêtes Difficile Batman
22%
"Famille" de Barbe Blanche Facile Buckingham Stussy (Miss Buckin)
22%
Famille Charlotte Moyen Charlotte Amande
22%
Marine - Haut Gradé Difficile Dalmatian / Dalmatien
22%
Équipage aux Cent Bêtes Moyen Holdem / Holed'em
22%
Royaume de Goa Moyen Hoop Slap / Woop Slap
22%
Pays de Wano Facile Hyougoro / Hyôgoro
22%
Équipage des Géants Difficile Kashii
22%
Équipage des Rocks Difficile Kyo "Hache d'Argent"
22%
Île des Hommes Poissons Moyen Megalo
22%
Équipage du Roux Très Difficile Monster
22%
Shandia Moyen Nola / Nora
22%
Île des Hommes Poissons Difficile Sadaijin / Ministre de la Gauche
22%
Egghead Moyen S-Bear
22%
Long Ring Long Land Difficile Shelly
22%
Impel Down Difficile Sphinx
22%
Marine - Haut Gradé Très Difficile Strawberry
22%
Équipage des Magnifiques Pirates Moyen Suleiman
22%
Île des Hommes Poissons Difficile Udaijin / Ministre de la Droite
22%
Allié de Barbe Blanche Difficile Whitey Bay
22%
Water Seven Moyen Yokozuna
22%
Équipage d'Ideo Moyen Blue Gilly
20%
Nouvel Équipage des Hommes Poissons Difficile Daruma
20%
CP0 Difficile Guernika
20%
Royaume Tontatta Moyen Kabu
20%
Chevalier Divin Moyen Rimoshifu Killingham / Limochiv Kiringham
20%
Impel Down Difficile Saldeath
20%
Équipage des Kujas Difficile Salome
20%
Nouvel Équipage des Hommes Poissons Difficile Zeo
20%
Agent d'Enies Lobby Difficile And (Baskerville du Centre)
19%
Impel Down Difficile Basilisk / Basilic
19%
Royaume Tontatta Difficile Bian / Bee Anne
19%
Équipage de Barbe Blanche Difficile Blamenco
19%
Orange Town Moyen Boodle
19%
Elbaph Moyen Carmel / Caramel
19%
Équipage de Barbe Blanche Difficile Curiel
19%
Équipage du Fire Tank Difficile Gotti
19%
Équipage du Roux Très Difficile Hongo
19%
Équipage d'Ideo Moyen Jeet
19%
Shandia Difficile Kamakiri
19%
Participant du Corrida Colloseum Difficile Kelly Funk / Kerry Funk
19%
Agent d'Enies Lobby Difficile Kerville (Baskerville de Droite)
19%
Pays de Wano Difficile Kurozumi Semimaru
19%
Royaume de Goa Difficile Porchemy
19%
Baterilla Moyen Portgas D. Rouge
19%
Nouvel Équipage des Géants Moyen Road
19%
Zou Moyen Shishilian / Sicilian
19%
Nouvel Équipage des Hommes Poissons Moyen Surume / Surimi
19%
Pays de Wano Moyen Toko
19%
Shandia Difficile Braham
17%
Royaume de Goa Difficile Dogra
17%
Marine - Haut Gradé Difficile Doll
17%
Nouvel Équipage des Hommes Poissons Difficile Dosun
17%
Nouvel Équipage des Géants Moyen Gerd
17%
Nouvel Équipage des Géants Difficile Goldberg
17%
Île des Hommes Poissons Difficile Hoe
17%
Clan d'Enel Difficile Holy
17%
Elbaph Moyen Jarul / Yarle
17%
Elbaph Moyen Jorul / Yorle
17%
Royaume de Black Drum Très Difficile Kinderella (Miss Univers)
17%
Royaume de Goa Difficile Magra
17%
Shandia Ancien Difficile Mousse
17%
Équipage de Barbe Blanche Difficile Namur
17%
Équipage de l'Executeur Très Difficile Roshio
17%
Dragon Céleste Difficile Rosward Shalria / Sharlia
17%
Équipage des Kujas Difficile Sweet Pea
17%
Alabasta Difficile Terracotta
17%
Long Ring Long Land Difficile Tonjit
17%
Marine - Grade Intermédiaire Très Difficile Very Good
17%
Skypiea Très Difficile Amazon
16%
Village de Syrup Très Difficile Banchina / Bankina
16%
Marine - Haut Gradé Difficile Bluegrass
16%
Équipage du Roux Très Difficile Bonk Punch
16%
Famille Charlotte Difficile Capone Pez / Pets
16%
Thriller Bark Difficile Cerberus / Cerbère
16%
Chevalier Divin Moyen Cerberus / Cerbère
16%
Famille Charlotte Difficile Charlotte Mascarpone
16%
Équipage du Faux Chapeau de Paille Très Difficile Cocoa
16%
Germa 66 Difficile Cosette
16%
Royaume de Prodence Moyen Dagama
16%
Équipage des Magnifiques Pirates Difficile Farul
16%
Équipage aux Cent Bêtes Difficile Gazelleman
16%
Marine - Autre Grade Moyen Hibari
16%
Thriller Bark Difficile Hildon
16%
Logue Town Difficile Ipponmatsu
16%
Thriller Bark Moyen Kumashi / Kumacy
16%
Alabasta Moyen Matsuge / Longs-Cils
16%
Marine - Haut Gradé Difficile Maynard (Capman)
16%
Marine - Haut Gradé Difficile Onigumo
16%
Nouvel Équipage des Géants Difficile Stansen
16%
Équipage de Barbe Blanche Difficile Atmos
14%
Thriller Bark Très Difficile Bao
14%
Zou Difficile Blackback (BB)
14%
Participant du Corrida Colloseum Difficile Bobby Funk
14%
Famille Charlotte Moyen Charlotte Galette
14%
Famille Charlotte Difficile Charlotte Joscarpone
14%
Alabasta Très Difficile Cowboy
14%
Équipage de Barbe Blanche Difficile Fossa
14%
Clan d'Enel Difficile Fuza
14%
Barto Club Difficile Gambia
14%
Alabasta Difficile Hasami / Pincemi
14%
Nouvel Équipage des Hommes Poissons Difficile Hyouzou / Hyôzô
14%
Thriller Bark Difficile Jigoro
14%
Équipage de Barbe Blanche Difficile Kingdew
14%
Pays de Wano Moyen Kouzuki Sukiyaki (Tenguyama Hitetsu)
14%
Marine - Haut Gradé Très Difficile Lacroix
14%
Skypiea Moyen McKinley
14%
Siècle Oublié Facile Poseidon
14%
Marine - Grade Intermédiaire Moyen Prince Grus / Gles
14%
Famille de Senor Pink Très Difficile Russian / Lucian
14%
Équipage aux Cent Bêtes Difficile Sheepshead
14%
Village Shimotsuki Difficile Shimotsuki Koushirou / Kôshirô
14%
Elegia Facile Uta
14%
Équipage de Big Mom Difficile Bobbin
13%
Famille Charlotte Difficile Charlotte Citron
13%
Association des Victimes de Thriller Bark Difficile Frères Risky
13%
Thriller Bark Difficile Frères Risky (Zombies)
13%
Royaume Tontatta Difficile Gancho
13%
Dressrosa Difficile Gatz
13%
Shandia Difficile Genbo
13%
Alter Ego de Cavendish Difficile Hakuba
13%
Équipage de Barbe Blanche Difficile Haruta
13%
CP0 Très Difficile Joseph
13%
Pays de Wano Difficile Kurozumi Higurashi
13%
Punk Hazard Moyen Mocha
13%
Marine - Grade Intermédiaire Très Difficile Pudding Pudding
13%
Équipage de Barbe Blanche Difficile Rakuyo
13%
Homies Difficile Randolph
13%
Egghead Moyen S-Crocodile
13%
Village Shimotsuki Difficile Shimotsuki Kouzaburou / Kôzaburô
13%
Équipage de Barbe Blanche Difficile Speed Jiru / Speed Jill
13%
Water Seven Difficile Tyrannosaurus / Tyrannosaure
13%
Participant du Corrida Colloseum Moyen Ucy / Bully
13%
Royaume Tontatta Difficile Wicca
13%
Équipage du Nox Difficile Zepo
13%
Équipage aux Cent Bêtes Difficile Alpacaman / Alpagaman
12%
Elbaph Difficile Ange
12%
Équipage aux Cent Bêtes Moyen Babanuki / Pouilleux
12%
Équipage du Renard Argenté Difficile Big Pan
12%
Équipage de Barbe Blanche Difficile Blenheim
12%
Marine - Grade Intermédiaire Difficile Brannew / Brandnew
12%
Famille Charlotte Très Difficile Charlotte Brownie
12%
Famille Charlotte Difficile Charlotte Raisin
12%
Équipage aux Cent Bêtes Difficile Daifugo / Trouduc
12%
Équipage de Big Mom Difficile Diesel
12%
Allié de Barbe Blanche Difficile Frères Decalvan
12%
Zou Difficile Giovanni
12%
Nouvel Équipage des Hommes Poissons Difficile Ikaros Much / Icaros Mucchi
12%
Thriller Bark Difficile Inuppe / Chienguin
12%
Homies Difficile Kingbaum
12%
Allié de Barbe Blanche Difficile McGuy
12%
Participant du Corrida Colloseum Très Difficile Mummy
12%
Équipage des Rocks Difficile Ochoku
12%
Royaume de Goa Très Difficile Outlook III
12%
Équipage du Renard Argenté Difficile Pickles
12%
Marine - Haut Gradé Difficile Pomsky
12%
Royaume de Goa Très Difficile Sarie Nantokanette / Sally Entoilette
12%
Marine - Grade Intermédiaire Très Difficile Sharinguru
12%
Île des Hommes Poissons Moyen Shyarly
12%
Dressrosa Difficile Tank Lepanto
12%
Équipage du Faux Chapeau de Paille Très Difficile Turco
12%
Révolutionnaire Difficile Ushiano / Vachiano
12%
Équipage des Kujas Difficile Bacura
10%
Baroque Works Très Difficile Banchi
10%
Équipage aux Cent Bêtes Moyen Bao Huang
10%
Marine - Autre Grade Difficile Bogard / Bogart
10%
Village de Cocoyashi Difficile Chabo
10%
Elbaph Moyen Colon / Koron
10%
Zou Difficile Concelot
10%
Royaume de Sorbet Difficile Conney
10%
Équipage des Rocks Difficile Ganzui
10%
Marine - Haut Gradé Très Difficile Gion (Momousagi)
10%
Équipage du Lion d'Or Très Difficile Indigo
10%
Alabasta Très Difficile Ivan X / Iwan X
10%
CP6 Très Difficile Jerry
10%
Marine - Grade Intermédiaire Moyen Kujaku
10%
Donquixote Family Très Difficile Kyuin / Aspireine
10%
CP0 Difficile Maha
10%
Équipage des Rocks Difficile Marlon
10%
Équipage du Renard Argenté Difficile Monda
10%
Équipage aux Cent Bêtes Très Difficile Poker
10%
Elbaph Moyen Ripley
10%
Shandia Ancien Difficile Seto
10%
Egghead Moyen S-Flamingo
10%
Egghead Moyen S-Gekko
10%
Marine - Haut Gradé Très Difficile Stainless
10%
Alabasta Très Difficile Stomp
10%
Équipage des Maquereaux Difficile Tansui
10%
Zou Difficile Tristan
10%
Révolutionnaire Difficile Ahiru
9%
Pirate Allié des Faux Chapeau de Paille Très Difficile Albion
9%
Alabasta Très Difficile Barrel
9%
Alabasta Très Difficile Bourbon Jr.
9%
Équipage du Renard Argenté Difficile Capote / Capoty
9%
Famille Charlotte Difficile Charlotte Moscato
9%
Pirate Tué par Doflamingo Difficile Diez Barrels
9%
Équipage du Faux Chapeau de Paille Très Difficile Drip
9%
Empereur de la Pègre Difficile Du Feld / Lu Feld
9%
Marine - Haut Gradé Difficile Guillotine
9%
Équipage aux Cent Bêtes Très Difficile Hamlet
9%
Nouvel Équipage des Hommes Poissons Difficile Hammond
9%
Alabasta Très Difficile Hikoichi
9%
Marine - Haut Gradé Difficile Hound
9%
Dragon Céleste Très Difficile Jalmack
9%
Pirate Allié des Faux Chapeau de Paille Très Difficile Lip Doughty
9%
Marine - Haut Gradé Très Difficile Lonz / Ronse
9%
Zou Très Facile Milky
9%
Zou Difficile Miyagi / Lebouc
9%
Équipage du Faux Chapeau de Paille Très Difficile Mounblutain
9%
Équipage aux Cent Bêtes Difficile Mouseman
9%
Pays de Wano Difficile Onimaru (Gyukimaru)
9%
Ohara Très Difficile Oran
9%
Royaume de Sakura Difficile Robson
9%
Thriller Bark Difficile Tararan
9%
Zou Difficile Bariete / Variété
7%
Royaume Tontatta Très Difficile Bomba
7%
Alabasta Très Difficile Brahm
7%
Famille Charlotte Difficile Charlotte Bavarois
7%
Famille Charlotte Difficile Charlotte Cadenza
7%
Famille Charlotte Difficile Charlotte Cinnamon / Cannelle
7%
Famille Charlotte Très Difficile Charlotte Joconde
7%
Shandia Très Difficile Chef des Shandias
7%
Agent du Gouvernement Mondial Très Difficile Corgi / Corgy
7%
Allié de Barbe Blanche Difficile Doma
7%
Elbaph Moyen Estrid / Astrid
7%
Équipage aux Cent Bêtes Très Difficile Fourtricks
7%
Équipage aux Cent Bêtes Difficile Fuga
7%
Révolutionnaire Difficile Gambo
7%
Équipage aux Cent Bêtes Difficile Ginrummy
7%
Équipage des Maquereaux Difficile Gyaro
7%
Elbaph Moyen Ida
7%
Thriller Bark Difficile Kaba Shinshi / Hippo-Gentleman
7%
Alabasta Très Difficile Kentauros / Centaurus
7%
Équipage du Faux Chapeau de Paille Très Difficile Manjaro
7%
Exocet Riders Très Difficile Motobaro
7%
Village de Cocoyashi Très Difficile Nako / Nakoh
7%
Thriller Bark Très Difficile Nin
7%
Archipel Sabaody Très Difficile Peterman
7%
Marine - Haut Gradé Difficile Red King
7%
Chevalier Divin Moyen Satchels Maffey
7%
Équipage aux Cent Bêtes Difficile Solitaire
7%
Marine - Haut Gradé Très Difficile Tokikake (Chaton)
7%
CP8 Difficile Alpha
6%
Royaume de Sorbet Difficile Bartholomew Clapp / Krap
6%
Royaume de Sorbet Difficile Bekori / Kourbett
6%
Elbaph Très Difficile Bent
6%
Elbaph Difficile Biblo
6%
Elbaph Très Difficile Bjorn
6%
Équipage aux Cent Bêtes Très Difficile Briscola
6%
Participant du Corrida Colloseum Très Difficile Damask
6%
Esclave Très Difficile Devil Dias
6%
Pays de Wano Moyen Fukurokuju
6%
CP0 Très Difficile Gismonda
6%
Pirate à la Pince de Crabe Très Difficile Gyro / Jaïro
6%
Équipage aux Cent Bêtes Difficile Hatcha
6%
Zou Très Difficile Hitsugisukan / Hitsughishkan / Bêgis Khan
6%
Équipage du Renard Argenté Difficile Itomimizu / Tubifex Lombric
6%
Révolutionnaire Difficile Jiron
6%
Alabasta Très Difficile Kappa
6%
Shandia Ancien Très Difficile Kashigami
6%
Pays de Wano Difficile Komachiyo
6%
Esclave Très Difficile Lacuba
6%
Ancien CP9 Très Difficile Laskey
6%
Équipage aux Cent Bêtes Difficile Madilloman / Tatouman
6%
Équipage des Gros Casques Très Difficile Mikazuki
6%
Homies Difficile Nitro
6%
Équipage du Faux Chapeau de Paille Très Difficile Nora Gitsune
6%
Homies Difficile Rabiyan
6%
Royaume Tontatta Très Difficile Rampo
6%
Zou Difficile Roddy
6%
Dessin de Kanjuro Difficile Ryunosuke / Dragonosuké
6%
Pays de Wano Difficile Shimotsuki Ushimaru
6%
Association des Victimes de Thriller Bark Très Difficile Spoil
6%
Marine - Haut Gradé Difficile Tosa
6%
Empereur de la Pègre Difficile Umit
6%
Marine - Haut Gradé Difficile Urban
6%
Marine - Haut Gradé Très Difficile Yamakaji
6%
Participant du Corrida Colloseum Très Difficile Acilia
4%
Participant du Corrida Colloseum Très Difficile Agyo / Aguio
4%
Équipage des Pirates Volants Très Difficile Ankoro
4%
Alabasta Très Difficile Arrow
4%
Équipage des Rocks Difficile Barbel / Barbell
4%
Thriller Bark Difficile Buhichuck / Grui-Chuck
4%
Royaume de Sorbet Difficile Bulldog
4%
Famille Charlotte Difficile Charlotte Counter
4%
Royaume de Goa Très Difficile Didit
4%
Équipage aux Cent Bêtes Difficile Dobon / Plouf
4%
Punk Hazard Très Difficile Dragon Numéro Treize
4%
Punk Hazard Très Difficile Dragon Numéro Vingt et Un
4%
Royaume Tontatta Difficile Flapper
4%
Empereur de la Pègre Difficile Giberson
4%
Équipage des Rocks Très Difficile Gill Bastar
4%
Famille de Senor Pink Très Difficile Gimlet
4%
Thriller Bark Très Difficile Gyoro
4%
Orange Town Très Difficile Hocker
4%
Alabasta Très Difficile Hyota
4%
Île des Hommes Poissons Difficile Ishilly
4%
Participant du Corrida Colloseum Très Difficile Jean Ango
4%
Amazon Lily Difficile Kikyo
4%
Homies Difficile Kizoku Wany / Noble Croc
4%
Participant du Corrida Colloseum Très Difficile Meadows
4%
Pays de Wano Très Difficile Minatomo
4%
Équipage aux Cent Bêtes Très Difficile Mizerka
4%
Ohara Très Difficile Mizuira
4%
Équipage de Polo Difficile Polo Gram
4%
Ohara Très Difficile Roji
4%
Équipage aux Cent Bêtes Difficile Rokki
4%
Participant du Corrida Colloseum Très Difficile Rolling Logan
4%
Participant du Corrida Colloseum Très Difficile Spartan
4%
Marine - Autre Grade Difficile Tensei (Kurouma)
4%
Marine - Grade Intermédiaire Très Difficile Yarisugi / Jenfétro
4%
Pays de Wano Très Difficile Bunbuku
3%
Famille Charlotte Difficile Charlotte Cabaletta
3%
Équipage du Renard Argenté Difficile Chuchun / Tweetums
3%
Empereur de la Pègre Difficile Drug Peclo
3%
God Valley Moyen Eris
3%
Allié du Roux Très Difficile Fugar
3%
Allié du Roux Très Difficile Gerotini / Croâtini
3%
Équipage de Bonney Difficile Gyogyo / Ichiyo
3%
Membre de la Pègre Très Difficile Jigra
3%
Équipage aux Cent Bêtes Difficile Juki
3%
Elbaph Très Difficile Karin
3%
Elbaph Très Difficile Kiba
3%
Royaume de Lulusia Très Difficile Komane
3%
Royaume Tontatta Très Difficile Maujii / Mousy
3%
Royaume de Lulusia Difficile Moda
3%
Pays de Wano Difficile Omasa
3%
Elbaph Moyen Ragnir
3%
Royaume de Lulusia Très Difficile Seki
3%
Pirate Travesti Très Difficile Splash
3%
Pirate Travesti Très Difficile Splatter
3%
Équipage aux Cent Bêtes Très Difficile Tenjo-Sagari
3%
Ancien CP9 Très Difficile Tsumonsieur Kamaya
3%
Équipage aux Cent Bêtes Difficile Zanki
3%
Pays de Wano Très Difficile Bingo
1%
Elbaph Très Difficile Blade
1%
Pays de Wano Très Difficile Bongo
1%
Famille Charlotte Très Difficile Charlotte Basskarte
1%
Famille Charlotte Très Difficile Charlotte Dosmarche
1%
Famille Charlotte Très Difficile Charlotte Nusstorte
1%
Famille Charlotte Très Difficile Charlotte Yuen / Yu Yuan
1%
Pays de Wano Très Difficile Fugetsu Omusubi
1%
Équipage aux Cent Bêtes Difficile Goki
1%
Pays de Wano Difficile Hihimaru / Baboumaru
1%
Équipage aux Cent Bêtes Difficile Inbi
1%
Équipage aux Cent Bêtes Difficile Jaki
1%
Elbaph Très Difficile Johanna
1%
Allié de Barbe Blanche Difficile Karma
1%
Dessin de Kanjuro Difficile Kazenbo / Moine Enflammé
1%
Équipage aux Cent Bêtes Difficile Kunyun
1%
Elbaph Très Difficile Mato
1%
Équipage aux Cent Bêtes Difficile Nangi / Nagi
1%
Équipage aux Cent Bêtes Très Difficile Nure-Onna
1%
Allié du Roux Très Difficile Pururu / Brululu
1%
Pays de Wano Difficile Tsunagoro
1%
Pays de Wano Très Difficile Uzuki Tempura
1%
Équipage aux Cent Bêtes Très Difficile Wanyudo
1%
Pays de Wano Difficile Yatappe
1%
Elbaph Très Difficile Ylva
1%
Elbaph Très Difficile Asla / Asura
0%
Pays de Wano Très Difficile Bungo
0%
Pays de Wano Très Difficile Chuji
0%
Pays de Wano Difficile Hotei
0%
Elbaph Très Difficile Iscat / Iskatt
0%
Pays de Wano Très Difficile Kuni
0%
Elbaph Très Difficile Olav
0%
Elbaph Difficile Pandora / Pandore
0%
Elbaph Très Difficile Ronja
0%
Elbaph Très Difficile Skaldi
0%
Pays de Wano Difficile Some
0%
Pays de Wano Très Difficile Suke
0%
Pays de Wano Très Difficile Urashima
0%
Aucun quiz correspondant
Distribution des résultats
% des personnes avec chaque résultat
Percentile par nombre de réponses
Votre historique - résultats
Vous n’avez pas pris ce quiz depuis la dernière actualisation